[Event "Mittelfranken-chTB2b 1920"]
[Site "Mittelfranken"]
[Date "2020.03.22"]
[Round "8.2"]
[White "Vogiatzis, Dimitrios"]
[Black "Neth, Tobias"]
[Result "1/2-1/2"]
[WhiteElo "1921"]
[BlackElo "1906"]
[PlyCount "63"]
[EventDate "2019.10.13"]
[EventType "team-tourn"]
[EventRounds "9"]
[EventCountry "GER"]
[SourceTitle "EXT 2023"]
[Source "ChessBase"]
[SourceDate "2022.10.05"]
[SourceVersion "1"]
[SourceVersionDate "2022.10.05"]
[SourceQuality "1"]
[WhiteTeam "Nuernberg NT IV"]
[BlackTeam "Forchheim II"]
[WhiteTeamCountry "GER"]
[BlackTeamCountry "GER"]

1. e4 e5 2. Nf3 Nc6 3. Bc4 Bc5 4. c3 d6 5. d3 h6 6. h3 Nge7 7. 0-0 0-0 8. a4 a5 9. Re1 Ng6 10. Be3 Kh7 11. d4 Ba7 12. Nbd2 Nce7 13. Nf1 Qe8 14. Ng3 f6 15. Qe2 c6 16. Bd3 Be6 17. Nf5 Bb8 18. Qd2 Qf7 19. g4 Re8 20. Kh1 Kh8 21. Rg1 d5 22. N3h4 Nxh4 23. Nxh4 dxe4 24. Bxe4 Bd5 25. f3 Bxe4 26. fxe4 exd4 27. cxd4 Ng6 28. Nf5 Rxe4 29. Qg2 Qe6 30. Rae1 Nf4 31. Qf3 Nd5 32. Bf2 1/2-1/2

[Event "Mittelfranken-chTB2b 1920"]
[Site "Mittelfranken"]
[Date "2019.12.01"]
[Round "3.2"]
[White "Miederer, Karl"]
[Black "Neth, Tobias"]
[Result "1-0"]
[WhiteElo "1770"]
[BlackElo "1906"]
[PlyCount "119"]
[EventDate "2019.10.13"]
[EventType "team-tourn"]
[EventRounds "9"]
[EventCountry "GER"]
[SourceTitle "EXT 2023"]
[Source "ChessBase"]
[SourceDate "2022.10.05"]
[SourceVersion "1"]
[SourceVersionDate "2022.10.05"]
[SourceQuality "1"]
[WhiteTeam "Uttenreuth"]
[BlackTeam "Forchheim II"]
[WhiteTeamCountry "GER"]
[BlackTeamCountry "GER"]

1. c4 e5 2. Nc3 Nc6 3. g3 Bc5 4. Bg2 Nge7 5. e3 d6 6. Nge2 Bg4 7. 0-0 Qd7 8. Na4 0-0 9. f3 Bh5 10. d4 exd4 11. exd4 Bb6 12. Nxb6 axb6 13. Nf4 Bg6 14. Nxg6 fxg6 15. b3 Nf5 16. d5 Nce7 17. g4 Nh6 18. Qd4 Rae8 19. Bb2 Rf7 20. Rae1 Kf8 21. Re6 Nc8 22. Rfe1 Ree7 23. Bh3 Qd8 24. Bc1 Ng8 25. Qc3 Nf6 26. f4 c6 27. Qf3 Qc7 28. Bb2 cxd5 29. Bxf6 Rxf6 30. cxd5 Qc5+ 31. Kh1 Qd4 32. f5 g5 33. Rc1 Na7 34. Rxe7 Kxe7 35. Rc7+ Kd8 36. Rxg7 Nb5 37. Rg8+ Kc7 38. Bg2 Nc3 39. Qf1 Nd1 40. Qc4+ Qxc4 41. bxc4 Nf2+ 42. Kg1 Nxg4 43. Rxg5 Ne3 44. Be4 Nxc4 45. Rg7+ Kb8 46. Rxh7 Ne3 47. Rh5 Ka7 48. Rg5 Rf7 49. Kf2 Nd1+ 50. Kf3 Nc3 51. a3 Nb5 52. Rg2 Ka6 53. Bd3 Ka5 54. Bxb5 Kxb5 55. Ke4 Kc4 56. Rg6 Kc5 57. f6 Rh7 58. Rg2 Rh4+ 59. Kf5 Kxd5 60. f7 1-0

[Event "Mittelfranken-chTB2b 1920"]
[Site "Mittelfranken"]
[Date "2019.10.13"]
[Round "1.2"]
[White "Kroneder, Christian"]
[Black "Neth, Tobias"]
[Result "1-0"]
[WhiteElo "1993"]
[BlackElo "1906"]
[PlyCount "55"]
[EventDate "2019.10.13"]
[EventType "team-tourn"]
[EventRounds "9"]
[EventCountry "GER"]
[SourceTitle "EXT 2023"]
[Source "ChessBase"]
[SourceDate "2022.10.05"]
[SourceVersion "1"]
[SourceVersionDate "2022.10.05"]
[SourceQuality "1"]
[WhiteTeam "Schwanstetten"]
[BlackTeam "Forchheim II"]
[WhiteTeamCountry "GER"]
[BlackTeamCountry "GER"]

1. d4 d5 2. Bf4 Nf6 3. e3 e6 4. Nd2 c5 5. c3 Nc6 6. Ngf3 Be7 7. Ne5 0-0 8. Bd3 Ne8 9. h4 f5 10. g4 cxd4 11. exd4 Nd6 12. Qf3 Ne4 13. 0-0-0 fxg4 14. Qxg4 Nxf2 15. Bxh7+ Kxh7 16. Qh5+ Kg8 17. Rhg1 Bf6 18. Rdf1 Nh3 19. Ng4 Nxg1 20. Rxg1 Qd7 21. Nh6+ Kh7 22. Nf3 Qe8 23. Ng5+ Bxg5 24. Qxg5 Qe7 25. Qh5 Qe8 26. Nf7+ Kg8 27. Qh8+ Kxf7 28. Qxg7# 1-0

[Event "Mittelfranken-chTB2b 1415"]
[Site "Mittelfranken"]
[Date "2015.02.08"]
[Round "6.2"]
[White "Simon, Martin"]
[Black "Neth, Tobias"]
[Result "1-0"]
[WhiteElo "1898"]
[BlackElo "1920"]
[PlyCount "51"]
[EventDate "2014.09.28"]
[EventType "team-tourn"]
[EventRounds "9"]
[EventCountry "GER"]
[SourceTitle "EXT 2020"]
[Source "ChessBase"]
[SourceDate "2019.10.17"]
[SourceVersion "1"]
[SourceVersionDate "2019.10.17"]
[SourceQuality "1"]
[WhiteTeam "Neumarkt"]
[BlackTeam "Forchheim III"]
[WhiteTeamCountry "GER"]
[BlackTeamCountry "GER"]

1. e4 e5 2. Nf3 Nc6 3. d4 exd4 4. Bc4 d6 5. c3 Ne5 6. Qxd4 Qf6 7. Nbd2 Ne7 8. Nxe5 dxe5 9. Qc5 c6 10. Qe3 Ng6 11. 0-0 Nf4 12. Kh1 b5 13. Bb3 Bd6 14. a4 Bc7 15. g3 Nh3 16. Qe2 0-0 17. axb5 cxb5 18. Bd5 Rb8 19. Nb3 Bb6 20. Be3 a6 21. Nc5 a5 22. f4 Qd6 23. Qxb5 Bg4 24. fxe5 Qxe5 25. Nd7 Bxd7 26. Bxf7+ 1-0

[Event "GER-chT U20"]
[Site "Osnabrueck"]
[Date "2010.12.27"]
[Round "2.5"]
[White "Neth, Tobias"]
[Black "Bluhm, Achim"]
[Result "1-0"]
[WhiteElo "1809"]
[BlackElo "1817"]
[PlyCount "41"]
[EventDate "2010.12.27"]
[EventType "team-swiss"]
[EventRounds "7"]
[EventCountry "GER"]
[SourceTitle "CBM 140 Extra"]
[Source "ChessBase"]
[SourceDate "2011.03.01"]
[SourceVersion "1"]
[SourceVersionDate "2011.03.01"]
[SourceQuality "1"]
[WhiteTeam "Forchheim"]
[BlackTeam "Neuberg"]
[WhiteTeamCountry "GER"]
[BlackTeamCountry "GER"]

1. e4 c5 2. Nc3 Nc6 3. Bc4 e6 4. d3 Nf6 5. Bg5 Be7 6. Bxf6 Bxf6 7. Nge2 a6 8. a4 b6 9. 0-0 d6 10. f4 0-0 11. Ng3 Bxc3 12. bxc3 d5 13. Ba2 Bb7 14. f5 b5 15. f6 g6 16. Qd2 Kh8 17. Qg5 c4 18. Rf4 Rg8 19. Rh4 Qf8 20. Rh6 Ne5 21. Qh4 1-0

[Event "Mittelfranken-chTB2a 0910"]
[Site "Mittelfranken"]
[Date "2010.02.21"]
[Round "7.2"]
[White "Seitz, Hans"]
[Black "Neth, Tobias"]
[Result "1-0"]
[WhiteElo "1980"]
[BlackElo "1820"]
[PlyCount "83"]
[EventDate "2009.10.11"]
[EventType "team-tourn"]
[EventRounds "9"]
[EventCountry "GER"]
[SourceTitle "EXT 2011"]
[Source "ChessBase"]
[SourceDate "2010.11.26"]
[SourceVersion "1"]
[SourceVersionDate "2010.11.26"]
[SourceQuality "1"]
[WhiteTeam "Herzogenaurach"]
[BlackTeam "Forchheim III"]
[WhiteTeamCountry "GER"]
[BlackTeamCountry "GER"]

1. e4 e5 2. Nf3 Nc6 3. Bb5 Bc5 4. c3 d6 5. d4 exd4 6. cxd4 Bb4+ 7. Nc3 Bd7 8. 0-0 Bxc3 9. bxc3 h6 10. Re1 Nge7 11. Rb1 Rb8 12. Be2 0-0 13. d5 Ne5 14. Nd4 f5 15. f4 N5g6 16. g3 Kh8 17. c4 a6 18. Bh5 fxe4 19. Rxe4 b5 20. Ne6 Bxe6 21. Rxe6 Rf6 22. Rxf6 gxf6 23. Bb2 Qf8 24. Qc2 Qg7 25. Qc3 Rf8 26. Kf1 Nf5 27. Re1 Kg8 28. Qd3 Nge7 29. Bf3 Rb8 30. Bc3 Qg6 31. Be4 Qg4 32. Qf3 Qxf3+ 33. Bxf3 Kf7 34. Bh5+ Kf8 35. Re6 bxc4 36. Rxf6+ Kg8 37. Bf7+ Kh7 38. Be6 Ne3+ 39. Ke2 N3xd5 40. Rf7+ Kg6 41. Rg7+ Kh5 42. Bg4# 1-0

[Event "Mittelfranken-chTB2a 0910"]
[Site "Mittelfranken"]
[Date "2009.10.25"]
[Round "2.2"]
[White "Neth, Tobias"]
[Black "Diebel, Guenther"]
[Result "1-0"]
[WhiteElo "1820"]
[BlackElo "1707"]
[PlyCount "147"]
[EventDate "2009.10.11"]
[EventType "team-tourn"]
[EventRounds "9"]
[EventCountry "GER"]
[SourceTitle "EXT 2011"]
[Source "ChessBase"]
[SourceDate "2010.11.26"]
[SourceVersion "1"]
[SourceVersionDate "2010.11.26"]
[SourceQuality "1"]
[WhiteTeam "Forchheim III"]
[BlackTeam "Buechenbach/Roth III"]
[WhiteTeamCountry "GER"]
[BlackTeamCountry "GER"]

1. e4 Nc6 2. Nc3 g6 3. Bc4 Bg7 4. Nge2 e5 5. d3 Na5 6. 0-0 Nxc4 7. dxc4 Nf6 8. Bg5 h6 9. Bh4 g5 10. Bg3 Nh5 11. Nd5 d6 12. f3 Be6 13. Ne3 Qd7 14. Qd2 f5 15. exf5 Bxf5 16. Bf2 Be6 17. Rad1 b6 18. c3 Nf4 19. b4 h5 20. Qc2 Qf7 21. c5 d5 22. Rfe1 bxc5 23. Qa4+ Bd7 24. Qa5 d4 25. cxd4 cxd4 26. Nxd4 exd4 27. Nf5+ Kf8 28. Nxg7 Rh6 29. Qc5+ Rd6 30. Bxd4 Kg8 31. Ba1 Qxa2 32. Qf2 Qxf2+ 33. Kxf2 Nd3+ 34. Rxd3 Rxd3 35. Nxh5 Rb8 36. Re7 Kf8 37. Rg7 g4 38. Bf6 Re8 39. Nf4 Rd2+ 40. Kg3 Re3 41. Ng6+ Ke8 42. Bg5 Rdd3 43. Bxe3 Rxe3 44. Kf2 Rb3 45. Re7+ Kd8 46. Re4 gxf3 47. gxf3 Bf5 48. Rd4+ Ke8 49. Nf4 Rc3 50. h4 c5 51. Rd5 cxb4 52. Rxf5 Rc4 53. Re5+ Kf7 54. Re4 Rc2+ 55. Re2 Rc4 56. Ke3 a5 57. Ra2 Rc3+ 58. Nd3 Rc7 59. Rxa5 Rb7 60. Ra1 Kg6 61. Rb1 b3 62. Nc5 Rb4 63. Rxb3 Rxh4 64. Ne4 Rh1 65. Rb5 Ra1 66. Kf4 Ra4 67. Rb6+ Kf7 68. Rc6 Ra8 69. Rc5 Ra6 70. Kg5 Rh6 71. Rc7+ Kf8 72. f4 Ra6 73. Kf5 Ra4 74. Nd6 1-0

[Event "Mittelfranken-chTB2a 0910"]
[Site "Mittelfranken"]
[Date "2009.10.11"]
[Round "1.2"]
[White "Neth, Tobias"]
[Black "Kozik, Andreas"]
[Result "1/2-1/2"]
[WhiteElo "1820"]
[BlackElo "1920"]
[PlyCount "84"]
[EventDate "2009.10.11"]
[EventType "team-tourn"]
[EventRounds "9"]
[EventCountry "GER"]
[SourceTitle "EXT 2011"]
[Source "ChessBase"]
[SourceDate "2010.11.26"]
[SourceVersion "1"]
[SourceVersionDate "2010.11.26"]
[SourceQuality "1"]
[WhiteTeam "Forchheim III"]
[BlackTeam "Nuernberg NT V"]
[WhiteTeamCountry "GER"]
[BlackTeamCountry "GER"]

1. e4 c5 2. Nc3 Nc6 3. Bc4 g6 4. d3 Bg7 5. Nge2 Nf6 6. 0-0 0-0 7. Bg5 h6 8. Bh4 d6 9. f4 Ng4 10. Qd2 Nd4 11. Kh1 Nxe2 12. Qxe2 Bd4 13. Nd5 Nf6 14. Nxf6+ Bxf6 15. Bxf6 exf6 16. f5 Kg7 17. Rf3 Qe7 18. Qf2 Bd7 19. Rf1 Bc6 20. c3 Rad8 21. Rg3 g5 22. Re3 Rfe8 23. Rfe1 b5 24. Bb3 a5 25. a3 Qb7 26. Kg1 b4 27. Bc4 Rb8 28. axb4 axb4 29. Qe2 Qa7 30. cxb4 Rxb4 31. b3 Rbb8 32. Qb2 Ra8 33. R3e2 Reb8 34. Qd2 Rb7 35. Rd1 Re7 36. Rde1 Qb6 37. Qd1 Rea7 38. Re3 Qb4 39. d4 Ra1 40. Qxa1 Rxa1 41. Rxa1 cxd4 42. Ree1 Qc3 1/2-1/2

[Event "Mittelfrankenliga-B2a 0708"]
[Site "Mittelfranken"]
[Date "2008.01.13"]
[Round "4.1"]
[White "Simon, Martin"]
[Black "Neth, Tobias"]
[Result "1-0"]
[WhiteElo "1995"]
[BlackElo "1827"]
[PlyCount "52"]
[EventDate "2007.10.14"]
[EventType "team-tourn"]
[EventRounds "9"]
[EventCountry "GER"]
[SourceTitle "EXT 2011"]
[Source "ChessBase"]
[SourceDate "2010.11.26"]
[SourceVersion "1"]
[SourceVersionDate "2010.11.26"]
[SourceQuality "1"]
[WhiteTeam "Neumarkt"]
[BlackTeam "Forchheim III"]
[WhiteTeamCountry "GER"]
[BlackTeamCountry "GER"]

1. e4 e5 2. Nf3 Nc6 3. d4 exd4 4. Bc4 d6 5. Nxd4 Nxd4 6. Qxd4 Qf6 7. Qd3 Qg6 8. 0-0 f5 9. Bxg8 fxe4 10. Re1 Rxg8 11. Rxe4+ Kd8 12. Qd5 Rh8 13. Bg5+ Kd7 14. Nc3 c6 15. Qd2 Kc7 16. Bf4 Bf5 17. Rc4 Kd7 18. Ne2 Be7 19. Ng3 Rhf8 20. Nxf5 Rxf5 21. Re1 Qf7 22. Rce4 Bf8 23. c4 h6 24. Rd4 Rf6 25. Rd1 Qe6 26. Bxd6 Ke8 1-0

[Event "Regionalliga NO 0708"]
[Site "Bayern"]
[Date "2007.10.21"]
[Round "1.7"]
[White "Redzepovic, Irfan"]
[Black "Neth, Tobias"]
[Result "1-0"]
[WhiteElo "2047"]
[BlackElo "1882"]
[PlyCount "31"]
[EventDate "2007.10.21"]
[EventType "team-tourn"]
[EventRounds "9"]
[EventCountry "GER"]
[SourceTitle "EXT 2009"]
[Source "ChessBase"]
[SourceDate "2008.11.26"]
[SourceVersion "1"]
[SourceVersionDate "2008.11.26"]
[SourceQuality "1"]
[WhiteTeam "Nuernberg Sued SW"]
[BlackTeam "Forchheim II"]
[WhiteTeamCountry "GER"]
[BlackTeamCountry "GER"]

1. d4 d5 2. c4 e6 3. Nf3 Nf6 4. Nc3 h6 5. a3 c6 6. c5 b6 7. b4 a5 8. Bf4 axb4 9. axb4 Rxa1 10. Qxa1 Nbd7 11. Qa7 e5 12. Bxe5 Nxe5 13. Nxe5 Bd7 14. e4 bxc5 15. bxc5 dxe4 16. Bc4 1-0

[Event "Mittelfrankenliga-B2a 0708"]
[Site "Mittelfranken"]
[Date "2007.10.14"]
[Round "1.1"]
[White "Ammon, Tobias"]
[Black "Neth, Tobias"]
[Result "1/2-1/2"]
[WhiteElo "1920"]
[BlackElo "1827"]
[PlyCount "45"]
[EventDate "2007.10.14"]
[EventType "team-tourn"]
[EventRounds "9"]
[EventCountry "GER"]
[SourceTitle "EXT 2011"]
[Source "ChessBase"]
[SourceDate "2010.11.26"]
[SourceVersion "1"]
[SourceVersionDate "2010.11.26"]
[SourceQuality "1"]
[WhiteTeam "Altensittenbach II"]
[BlackTeam "Forchheim III"]
[WhiteTeamCountry "GER"]
[BlackTeamCountry "GER"]

1. e4 e5 2. Nc3 Nc6 3. Bc4 Bc5 4. Qg4 g6 5. Qf3 Nf6 6. Nge2 h6 7. d3 d6 8. h3 Be6 9. Bb5 a6 10. Bxc6+ bxc6 11. Be3 Bb6 12. d4 Qe7 13. dxe5 dxe5 14. 0-0 g5 15. g4 Nd7 16. Ng3 Rb8 17. Bxb6 cxb6 18. Rad1 f6 19. Nf5 Bxf5 20. Qxf5 Nc5 21. Rd2 Kf7 22. Rfd1 Rb7 23. Ne2 1/2-1/2

[Event "Landesliga Nord 0607"]
[Site "Bayern"]
[Date "2006.11.19"]
[Round "3.8"]
[White "Gegenfurtner, Juergen"]
[Black "Neth, Tobias"]
[Result "1/2-1/2"]
[WhiteElo "1951"]
[BlackElo "1870"]
[PlyCount "44"]
[EventDate "2006.10.15"]
[EventType "team"]
[EventRounds "9"]
[EventCountry "GER"]
[SourceTitle "EXT 2008"]
[Source "ChessBase"]
[SourceDate "2007.11.25"]
[SourceVersion "1"]
[SourceVersionDate "2007.11.25"]
[SourceQuality "1"]
[WhiteTeam "Neutraubling"]
[BlackTeam "Forchheim II"]
[WhiteTeamCountry "GER"]
[BlackTeamCountry "GER"]

1. e4 e5 2. Nf3 Nc6 3. Bb5 Bc5 4. 0-0 d6 5. h3 Nge7 6. c3 0-0 7. d4 exd4 8. cxd4 Bb6 9. Nc3 h6 10. Re1 Ng6 11. Be3 f5 12. Bxc6 bxc6 13. Qa4 fxe4 14. Qxc6 exf3 15. Qxa8 fxg2 16. Nd5 Nh4 17. Qxc8 Nf3+ 18. Kxg2 Nxe1+ 19. Rxe1 Qxc8 20. Ne7+ Kf7 21. Nxc8 Rxc8 22. Kf3 c6 1/2-1/2

[Event "Mittelfrankenliga-B2a 0506"]
[Site "Germany"]
[Date "2006.01.29"]
[Round "5.6"]
[White "Winkler, Markus"]
[Black "Neth, Tobias"]
[Result "1/2-1/2"]
[WhiteElo "1812"]
[BlackElo "1740"]
[PlyCount "93"]
[EventDate "2005.10.16"]
[EventType "team"]
[EventRounds "9"]
[EventCountry "GER"]
[SourceTitle "EXT 2007"]
[Source "ChessBase"]
[SourceDate "2006.11.23"]
[SourceVersion "1"]
[SourceVersionDate "2006.11.23"]
[SourceQuality "1"]

1. c4 e5 2. Nc3 Nc6 3. Nf3 Bc5 4. g3 d6 5. a3 a5 6. Bg2 Nge7 7. d3 0-0 8. 0-0 Bg4 9. Nd5 Nf5 10. Rb1 Ncd4 11. e3 Nxf3+ 12. Bxf3 Bh3 13. Re1 c6 14. Nc3 Qf6 15. Ne4 Qe7 16. b4 axb4 17. axb4 Bb6 18. Bd2 Rfd8 19. Bh1 Nh6 20. Nc3 f5 21. b5 Qc7 22. Qb3 Ba5 23. bxc6 bxc6 24. Qb7 Rac8 25. Qxc7 Rxc7 26. Ne4 Bxd2 27. Nxd2 Nf7 28. Rb6 Rdc8 29. Ra1 Bg4 30. Kf1 Kf8 31. Raa6 Nd8 32. Ke1 Ke7 33. Nb3 Bh5 34. Kd2 Kd7 35. f4 Ne6 36. Ra5 exf4 37. exf4 Rf8 38. Raa6 Rfc8 39. Kc3 Bf7 40. d4 Nd8 41. Na5 d5 42. Bf3 dxc4 43. Nxc4 Bxc4 44. Kxc4 Rb7 45. Rxb7+ Nxb7 46. Ra7 Rc7 47. Kc3 1/2-1/2

[Event "Seebach op 15th"]
[Site "Grossenseebach"]
[Date "2004.06.17"]
[Round "7"]
[White "Neth, Tobias"]
[Black "Porkristl, Werner"]
[Result "1/2-1/2"]
[WhiteElo "1362"]
[BlackElo "1638"]
[PlyCount "35"]
[EventDate "2004.06.17"]
[EventType "swiss"]
[EventRounds "7"]
[EventCountry "GER"]
[SourceTitle "EXT 2018"]
[Source "ChessBase"]
[SourceDate "2017.10.13"]
[SourceVersion "1"]
[SourceVersionDate "2017.10.13"]
[SourceQuality "1"]

1. e4 e5 2. Bc4 d6 3. Ne2 Nf6 4. d3 Bg4 5. 0-0 Be7 6. Qe1 0-0 7. f4 Nc6 8. c3 a6 9. h3 Bd7 10. f5 Na5 11. Bb3 c5 12. Qg3 Kh8 13. Bc2 Qb6 14. Kh1 c4 15. d4 exd4 16. cxd4 Nc6 17. e5 dxe5 18. dxe5 1/2-1/2

[Event "Seebach op 15th"]
[Site "Grossenseebach"]
[Date "2004.06.17"]
[Round "1"]
[White "Neth, Tobias"]
[Black "Spies, Timon"]
[Result "1/2-1/2"]
[WhiteElo "1362"]
[BlackElo "1838"]
[PlyCount "68"]
[EventDate "2004.06.17"]
[EventType "swiss"]
[EventRounds "7"]
[EventCountry "GER"]
[SourceTitle "EXT 2018"]
[Source "ChessBase"]
[SourceDate "2017.10.13"]
[SourceVersion "1"]
[SourceVersionDate "2017.10.13"]
[SourceQuality "1"]

1. e4 d5 2. exd5 Nf6 3. Nf3 Nxd5 4. Bc4 Nc6 5. h3 e5 6. Qe2 Nf4 7. Qf1 e4 8. d3 exf3 9. Bxf4 Qf6 10. Bc1 Nd4 11. Kd1 Bd6 12. Nc3 Be6 13. Ne4 Qe7 14. c3 Bxc4 15. cxd4 Qxe4 16. dxe4 Bxf1 17. Rxf1 fxg2 18. Rg1 0-0-0 19. Kc2 Rhe8 20. f3 Be7 21. Be3 g6 22. Rxg2 Bf6 23. e5 Bg7 24. Rd1 Rd5 25. h4 Re6 26. Rd3 c5 27. f4 cxd4 28. Bxd4 Bh6 29. Rf2 Rc6+ 30. Kd2 a6 31. Ke3 Kd7 32. Ke4 Ke6 33. f5+ gxf5+ 34. Rxf5 Bg7 1/2-1/2

[Event "Seebach op 15th"]
[Site "Grossenseebach"]
[Date "2004.06.17"]
[Round "5"]
[White "Neth, Tobias"]
[Black "Weissmann, Peter"]
[Result "0-1"]
[WhiteElo "1362"]
[BlackElo "1704"]
[PlyCount "100"]
[EventDate "2004.06.17"]
[EventType "swiss"]
[EventRounds "7"]
[EventCountry "GER"]
[SourceTitle "EXT 2018"]
[Source "ChessBase"]
[SourceDate "2017.10.13"]
[SourceVersion "1"]
[SourceVersionDate "2017.10.13"]
[SourceQuality "1"]

1. e4 c5 2. Nc3 Nc6 3. Bc4 e6 4. d3 g6 5. Nf3 Bg7 6. 0-0 a6 7. a4 Nge7 8. Re1 d6 9. Bg5 h6 10. Bh4 0-0 11. Rb1 Bd7 12. Ne2 Na5 13. c3 Nxc4 14. dxc4 Bc6 15. Qd2 Qd7 16. b3 g5 17. Bg3 e5 18. Red1 Ng6 19. Nc1 Rad8 20. Qe2 f5 21. exf5 Qxf5 22. Nd2 Nf4 23. Bxf4 exf4 24. Qd3 Qxd3 25. Nxd3 Bxc3 26. Nf3 Rde8 27. h3 Re2 28. Kf1 Rfe8 29. Ng1 Ra2 30. Rdc1 Bd2 31. Rd1 Be4 32. Nc1 Rc2 33. Nf3 Bxc1 34. Rbxc1 Rxc1 35. Rxc1 Bxf3 36. gxf3 Kf7 37. Rd1 Re6 38. Rb1 a5 39. Kg2 Re2 40. h4 Ke6 41. hxg5 hxg5 42. Rd1 Rb2 43. Rd3 Re2 44. Rd5 Re5 45. Rd2 d5 46. Kh3 d4 47. Kg4 Kf6 48. Kh3 Kf5 49. Kg2 Re1 50. Kh2 Rc1 0-1

[Event "Seebach op 15th"]
[Site "Grossenseebach"]
[Date "2004.06.17"]
[Round "2"]
[White "Urytskyy, Michael"]
[Black "Neth, Tobias"]
[Result "1-0"]
[WhiteElo "2299"]
[BlackElo "1362"]
[PlyCount "57"]
[EventDate "2004.06.17"]
[EventType "swiss"]
[EventRounds "7"]
[EventCountry "GER"]
[SourceTitle "EXT 2018"]
[Source "ChessBase"]
[SourceDate "2017.10.13"]
[SourceVersion "1"]
[SourceVersionDate "2017.10.13"]
[SourceQuality "1"]

1. e4 e5 2. d4 exd4 3. c3 d6 4. cxd4 Nc6 5. Nf3 Bg4 6. Bc4 Nf6 7. Nc3 Be7 8. Be3 0-0 9. h3 Bh5 10. g4 Bg6 11. Nd2 Nd7 12. Qe2 a6 13. 0-0-0 b5 14. Bd5 Ndb8 15. f4 h6 16. f5 Bh7 17. Nf3 Ra7 18. h4 Kh8 19. g5 h5 20. Nd2 Qe8 21. Qxh5 Nb4 22. Qf3 c5 23. dxc5 dxc5 24. h5 Nxd5 25. Nxd5 g6 26. hxg6 fxg6 27. Rxh7+ Kxh7 28. Qh3+ Kg8 29. Rh1 1-0

[Event "Seebach op 15th"]
[Site "Grossenseebach"]
[Date "2004.06.17"]
[Round "6"]
[White "Wurdig, Georg"]
[Black "Neth, Tobias"]
[Result "0-1"]
[WhiteElo "1625"]
[BlackElo "1362"]
[PlyCount "58"]
[EventDate "2004.06.17"]
[EventType "swiss"]
[EventRounds "7"]
[EventCountry "GER"]
[SourceTitle "EXT 2018"]
[Source "ChessBase"]
[SourceDate "2017.10.13"]
[SourceVersion "1"]
[SourceVersionDate "2017.10.13"]
[SourceQuality "1"]

1. d4 d5 2. Nf3 Nf6 3. c4 Bg4 4. e3 e6 5. Nc3 Bb4 6. Qb3 Nc6 7. cxd5 exd5 8. Bb5 Bd7 9. 0-0 Bxc3 10. bxc3 0-0 11. Bd3 b6 12. Qc2 Re8 13. Ng5 g6 14. e4 dxe4 15. Nxe4 Nxe4 16. Bxe4 Rc8 17. Bd3 Qf6 18. Qd2 Ne7 19. Ba3 Nf5 20. Ba6 Rcd8 21. Qf4 Bc6 22. Bd3 Qh4 23. Qxc7 Rc8 24. Qxa7 Bxg2 25. Bxf5 gxf5 26. Rfe1 Bf3 27. Re3 Qg4+ 28. Kf1 Qg2+ 29. Ke1 Rxe3+ 0-1